| 000 | 00557nam a2200181 4500 | ||
|---|---|---|---|
| 001 | 107540 | ||
| 003 | ES-MaACL | ||
| 005 | 20230906184436.0 | ||
| 007 | t| | ||
| 008 | 061121s1968 sp r ||||1| spa d | ||
| 100 | 1 |
_aMordrel, Claudine. _983196 |
|
| 245 | 1 | 0 |
_aNoviazgo y matrimonio / _cClaudina Mordrel y Roger Benjamín; [traducción de Miguel Medina López]. |
| 260 |
_aMadrid : _bMarova, _c1968. |
||
| 300 |
_a221 p. ; _c20. |
||
| 700 | 1 |
_aBenjamin, Roger. _927703 |
|
| 700 | 1 |
_aMedina López, Miguel. _979744 |
|
| 852 |
_aES-MaACL _jC-50858 _bR.67259 |
||
| 999 |
_c107540 _d107540 |
||